<?xml version="1.0" encoding="UTF-8"?>
<record
    xmlns:xsi="http://www.w3.org/2001/XMLSchema-instance"
    xsi:schemaLocation="http://www.loc.gov/MARC21/slim http://www.loc.gov/standards/marcxml/schema/MARC21slim.xsd"
    xmlns="http://www.loc.gov/MARC21/slim">

  <leader>00821nam a22001937a 4500</leader>
  <controlfield tag="005">20240110165841.0</controlfield>
  <datafield tag="010" ind1=" " ind2=" ">
    <subfield code="a">B-756344-349</subfield>
  </datafield>
  <datafield tag="020" ind1=" " ind2=" ">
    <subfield code="a">9789355736086</subfield>
    <subfield code="c">1059.00</subfield>
  </datafield>
  <datafield tag="035" ind1=" " ind2=" ">
    <subfield code="a">B-756344-349</subfield>
  </datafield>
  <datafield tag="037" ind1=" " ind2=" ">
    <subfield code="a">Parth Booksellers &amp; Distributors </subfield>
  </datafield>
  <datafield tag="082" ind1=" " ind2=" ">
    <subfield code="a">000</subfield>
  </datafield>
  <datafield tag="100" ind1=" " ind2=" ">
    <subfield code="a">Tewani,G</subfield>
    <subfield code="9">60850</subfield>
  </datafield>
  <datafield tag="245" ind1=" " ind2=" ">
    <subfield code="a">JEE (Advanced) CALCULUS 3rd Edition/</subfield>
    <subfield code="c">By G.Tewani</subfield>
  </datafield>
  <datafield tag="260" ind1=" " ind2=" ">
    <subfield code="a">New Delhi </subfield>
    <subfield code="b">Cengage Learning India Pvt. Ltd.</subfield>
    <subfield code="c">2023</subfield>
  </datafield>
  <datafield tag="270" ind1=" " ind2=" ">
    <subfield code="a">T-303, 3rd Floor DAV Comlex, Plot 3 Mayur Vihar Phase 1</subfield>
    <subfield code="b">New Delhi </subfield>
    <subfield code="e">110091</subfield>
  </datafield>
  <datafield tag="300" ind1=" " ind2=" ">
    <subfield code="a">Various Pages.</subfield>
    <subfield code="c">28cm(Pbk)</subfield>
  </datafield>
  <datafield tag="942" ind1=" " ind2=" ">
    <subfield code="2">ddc</subfield>
    <subfield code="c">EN</subfield>
    <subfield code="m">TEW</subfield>
    <subfield code="h">000</subfield>
  </datafield>
  <datafield tag="999" ind1=" " ind2=" ">
    <subfield code="c">199570</subfield>
    <subfield code="d">199570</subfield>
  </datafield>
  <datafield tag="952" ind1=" " ind2=" ">
    <subfield code="0">0</subfield>
    <subfield code="1">0</subfield>
    <subfield code="4">0</subfield>
    <subfield code="7">0</subfield>
    <subfield code="8">NFIC</subfield>
    <subfield code="a">L</subfield>
    <subfield code="b">L</subfield>
    <subfield code="d">2024-01-10</subfield>
    <subfield code="e">Parth Booksellers &amp; Distributors/2/29.11.23/43/23.11.23/1.12.23</subfield>
    <subfield code="g">1059.00</subfield>
    <subfield code="l">1</subfield>
    <subfield code="m">1</subfield>
    <subfield code="o">TEW 000</subfield>
    <subfield code="p">B-756344</subfield>
    <subfield code="r">2024-07-25 00:00:00</subfield>
    <subfield code="s">2024-07-02</subfield>
    <subfield code="t">1</subfield>
    <subfield code="v">1059.00</subfield>
    <subfield code="w">2024-01-10</subfield>
    <subfield code="y">EN</subfield>
    <subfield code="z">Issued to Staff (P. No. 117)</subfield>
  </datafield>
  <datafield tag="952" ind1=" " ind2=" ">
    <subfield code="0">0</subfield>
    <subfield code="1">0</subfield>
    <subfield code="4">0</subfield>
    <subfield code="7">0</subfield>
    <subfield code="8">NFIC</subfield>
    <subfield code="a">M</subfield>
    <subfield code="b">M</subfield>
    <subfield code="d">2024-01-10</subfield>
    <subfield code="e">Parth Booksellers &amp; Distributors/2/29.11.23/43/23.11.23/1.12.23</subfield>
    <subfield code="g">1059.00</subfield>
    <subfield code="l">0</subfield>
    <subfield code="o">TEW 000</subfield>
    <subfield code="p">B-756345</subfield>
    <subfield code="r">2024-01-10 00:00:00</subfield>
    <subfield code="t">2</subfield>
    <subfield code="v">1059.00</subfield>
    <subfield code="w">2024-01-10</subfield>
    <subfield code="y">EN</subfield>
  </datafield>
  <datafield tag="952" ind1=" " ind2=" ">
    <subfield code="0">0</subfield>
    <subfield code="1">0</subfield>
    <subfield code="4">0</subfield>
    <subfield code="7">0</subfield>
    <subfield code="8">NFIC</subfield>
    <subfield code="a">AV</subfield>
    <subfield code="b">AV</subfield>
    <subfield code="d">2024-01-10</subfield>
    <subfield code="e">Parth Booksellers &amp; Distributors/2/29.11.23/43/23.11.23/1.12.23</subfield>
    <subfield code="g">1059.00</subfield>
    <subfield code="l">1</subfield>
    <subfield code="o">TEW 000</subfield>
    <subfield code="p">B-756346</subfield>
    <subfield code="q">2025-04-18</subfield>
    <subfield code="r">2025-04-04 00:00:00</subfield>
    <subfield code="s">2025-04-04</subfield>
    <subfield code="t">3</subfield>
    <subfield code="v">1059.00</subfield>
    <subfield code="w">2024-01-10</subfield>
    <subfield code="y">EN</subfield>
  </datafield>
  <datafield tag="952" ind1=" " ind2=" ">
    <subfield code="0">0</subfield>
    <subfield code="1">0</subfield>
    <subfield code="4">0</subfield>
    <subfield code="7">0</subfield>
    <subfield code="8">NFIC</subfield>
    <subfield code="a">ZLS</subfield>
    <subfield code="b">ZLS</subfield>
    <subfield code="d">2024-01-10</subfield>
    <subfield code="e">Parth Booksellers &amp; Distributors/2/29.11.23/43/23.11.23/1.12.23</subfield>
    <subfield code="g">1059.00</subfield>
    <subfield code="l">8</subfield>
    <subfield code="m">6</subfield>
    <subfield code="o">TEW 000</subfield>
    <subfield code="p">B-756347</subfield>
    <subfield code="r">2026-06-05 11:56:29</subfield>
    <subfield code="s">2026-03-11</subfield>
    <subfield code="t">4</subfield>
    <subfield code="v">1059.00</subfield>
    <subfield code="w">2024-01-10</subfield>
    <subfield code="y">EN</subfield>
  </datafield>
  <datafield tag="952" ind1=" " ind2=" ">
    <subfield code="0">0</subfield>
    <subfield code="1">0</subfield>
    <subfield code="4">0</subfield>
    <subfield code="7">0</subfield>
    <subfield code="8">NFIC</subfield>
    <subfield code="a">BN</subfield>
    <subfield code="b">BN</subfield>
    <subfield code="d">2024-01-10</subfield>
    <subfield code="e">Parth Booksellers &amp; Distributors/2/29.11.23/43/23.11.23/1.12.23</subfield>
    <subfield code="g">1059.00</subfield>
    <subfield code="l">0</subfield>
    <subfield code="o">TEW 000</subfield>
    <subfield code="p">B-756348</subfield>
    <subfield code="r">2025-10-15 00:00:00</subfield>
    <subfield code="t">5</subfield>
    <subfield code="v">1059.00</subfield>
    <subfield code="w">2024-01-10</subfield>
    <subfield code="y">EN</subfield>
  </datafield>
  <datafield tag="952" ind1=" " ind2=" ">
    <subfield code="0">0</subfield>
    <subfield code="1">0</subfield>
    <subfield code="4">0</subfield>
    <subfield code="7">0</subfield>
    <subfield code="8">NFIC</subfield>
    <subfield code="a">BL4</subfield>
    <subfield code="b">BL4</subfield>
    <subfield code="d">2024-01-10</subfield>
    <subfield code="e">Parth Booksellers &amp; Distributors/2/29.11.23/43/23.11.23/1.12.23</subfield>
    <subfield code="g">1059.00</subfield>
    <subfield code="l">10</subfield>
    <subfield code="m">7</subfield>
    <subfield code="o">TEW 000</subfield>
    <subfield code="p">B-756349</subfield>
    <subfield code="r">2025-12-12 00:00:00</subfield>
    <subfield code="s">2025-11-27</subfield>
    <subfield code="t">6</subfield>
    <subfield code="v">1059.00</subfield>
    <subfield code="w">2024-01-10</subfield>
    <subfield code="y">EN</subfield>
  </datafield>
</record>
